000 00706nam a22001337a 4500
008 110916t xxu||||| |||| 00| 0 eng d
050 _aBF698 .H33
100 _aHALL,Calvin S.
245 _aTheories of personality
_c Calvin S. Hall
260 _aNew York,
_bWiley
_c1957
300 _aXi, 572p.
_bills
_c24cm
505 _aContents: The Nature of personality theory -- Freud's psychology -- Jung's analytic theory -- Social psychological theories -- Murray's personology -- Lewin's field theory -- Allport's psychology of individaul -- Organismic theory -- Sheldon's constituitional psychology-- Cattell's factor theory -- Stimulus- response theory.
_rCalvin S. Hall
_tTheories of personality
942 _2lcc
_cBK
999 _c115
_d7615